000 01191cam a22003374a 4500
001 16759439
003 PILC
005 20150528150532.0
008 110427s2012 enka b 001 0 eng
010 _a 2011017809
020 _a9780813823782 (pbk. : alk. paper)
020 _a0813823781 (pbk. : alk. paper)
035 _a(DNLM)101559414
040 _aDNLM/DLC
_cDLC
_dDLC
042 _apcc
050 0 0 _aRC 954
_b.C337 2012
060 1 0 _aWY 152
082 0 0 _a618.97/0231
245 0 0 _aCase studies in gerontological nursing for the advanced practice nurse /
_ceditors, Meredith Wallace Kazer, Leslie Neal-Boylan.
260 _aChichester, West Sussex :
_bWiley-Blackwell,
_c2012.
300 _axxv, 398 pages ;
_c25 cm.
500 _aIncludes bibliographical references and index.
650 0 _aGeriatric nursing
_vCase studies.
650 1 2 _aNursing Care
_vCase Reports.
650 2 2 _aAged.
700 1 _aKazer, Meredith Wallace,
_cPhD, RN.
700 1 _aNeal-Boylan, Leslie.
906 _a7
_bcbc
_corignew
_d1
_eecip
_f20
_gy-gencatlg
942 _2lcc
_cBK
_kFOR
999 _c284492
_d284492